[Event "VIE-chT"]
[Site "Ho Chi Minh City"]
[Date "2019.09.30"]
[Round "7.4"]
[White "Le, Huu Thai"]
[Black "Duong, The Anh"]
[Result "1-0"]
[WhiteElo "2237"]
[BlackElo "2320"]
[PlyCount "81"]
[EventDate "2019.09.26"]
[EventType "team-swiss"]
[EventRounds "9"]
[EventCountry "VIE"]
[SourceTitle "EXT 2020"]
[Source "ChessBase"]
[SourceDate "2019.10.17"]
[SourceVersion "1"]
[SourceVersionDate "2019.10.17"]
[SourceQuality "1"]

1. d4 Nf6 2. Nf3 e6 3. Bf4 c5 4. e3 Nc6 5. Nbd2 d5 6. c3 Bd6 7. Bg3 0-0 8. Bd3 Re8 9. Ne5 Bxe5 10. dxe5 Nd7 11. Nf3 h6 12. 0-0 Qb6 13. Qe2 c4 14. Bc2 Nc5 15. b4 cxb3 16. axb3 Ne7 17. b4 Ne4 18. Bxe4 dxe4 19. Nd2 Qc6 20. Qg4 h5 21. Qxh5 b5 22. Rfc1 Bb7 23. Nb3 Qc7 24. Nd4 a6 25. Qg5 Nd5 26. h4 Rac8 27. Ne2 Qe7 28. Qg4 Rc4 29. h5 f5 30. exf6 Qxf6 31. Bd6 e5 32. Bc5 Bc8 33. Qg3 Qh6 34. Rd1 Nxc3 35. Nxc3 Rxc3 36. Rd6 Qxh5 37. Rg6 Qh7 38. Rg5 Bf5 39. Qh2 Re6 40. Rh5 Rh6 41. Qxe5 1-0

[Event "VIE-chT"]
[Site "Ho Chi Minh City"]
[Date "2019.09.28"]
[Round "4.7"]
[White "Le, Huu Thai"]
[Black "Le, Cong Cuong"]
[Result "1-0"]
[WhiteElo "2237"]
[BlackElo "2066"]
[PlyCount "113"]
[EventDate "2019.09.26"]
[EventType "team-swiss"]
[EventRounds "9"]
[EventCountry "VIE"]
[SourceTitle "EXT 2020"]
[Source "ChessBase"]
[SourceDate "2019.10.17"]
[SourceVersion "1"]
[SourceVersionDate "2019.10.17"]
[SourceQuality "1"]

1. d4 Nf6 2. c4 c5 3. d5 b5 4. cxb5 a6 5. bxa6 Bxa6 6. Nc3 d6 7. e4 Bxf1 8. Kxf1 g6 9. Nf3 Nbd7 10. g3 Bg7 11. Kg2 0-0 12. Qc2 Qa5 13. Nd2 Rfb8 14. Re1 Ne8 15. a3 Rb7 16. Nc4 Qa6 17. b3 Rab8 18. Rb1 Nb6 19. Nd2 Nd7 20. f4 Nc7 21. a4 Qa5 22. Bb2 Nb6 23. Nd1 c4 24. Bxg7 Kxg7 25. Qc3+ Qxc3 26. Nxc3 cxb3 27. Rxb3 Nd7 28. Reb1 Rxb3 29. Rxb3 Rc8 30. Kf3 Nc5 31. Rb6 Ra8 32. Ke3 f5 33. Rb4 N7a6 34. Rb1 Nc7 35. Ra1 Rb8 36. a5 Rb4 37. Rb1 Rxb1 38. Ncxb1 Nb5 39. e5 Kf7 40. exd6 exd6 41. Nc4 Ke7 42. Nca3 Nc7 43. Nc3 Kd7 44. Nc4 Ke7 45. h3 Kd7 46. g4 fxg4 47. hxg4 Ke7 48. g5 Nb3 49. Kf3 Nd4+ 50. Ke4 Nf5 51. Ne3 Ng3+ 52. Kf3 Nh5 53. f5 Kd7 54. f6 Na6 55. Ne4 Nb4 56. Nc4 h6 57. gxh6 1-0

[Event "VIE-chT"]
[Site "Ho Chi Minh City"]
[Date "2019.09.27"]
[Round "2.9"]
[White "Le, Huu Thai"]
[Black "Vo, Kim Cang"]
[Result "1-0"]
[WhiteElo "2237"]
[BlackElo "1908"]
[PlyCount "75"]
[EventDate "2019.09.26"]
[EventType "team-swiss"]
[EventRounds "9"]
[EventCountry "VIE"]
[SourceTitle "EXT 2020"]
[Source "ChessBase"]
[SourceDate "2019.10.17"]
[SourceVersion "1"]
[SourceVersionDate "2019.10.17"]
[SourceQuality "1"]

1. d4 Nf6 2. Nf3 e6 3. c4 d5 4. Nc3 Bb4 5. cxd5 Qxd5 6. Bd2 Bxc3 7. Bxc3 0-0 8. g3 b6 9. Bg2 Bb7 10. 0-0 Nbd7 11. Qa4 a6 12. Rac1 Qb5 13. Qc2 Be4 14. Qd2 Qd5 15. b3 Rac8 16. Qb2 Qb7 17. Rfd1 Nd5 18. Nh4 Bxg2 19. Nxg2 N7f6 20. Be1 c5 21. f3 cxd4 22. Qxd4 b5 23. e4 Ne7 24. Rxc8 Qxc8 25. Qd6 Re8 26. Ne3 Qc6 27. Ba5 Qxd6 28. Rxd6 Ra8 29. Kf2 Kf8 30. Nc2 Nc8 31. Rd8+ Ke7 32. Nb4 Nd7 33. f4 f6 34. Kf3 e5 35. Nd5+ Kd6 36. Bb4+ Kc6 37. Ne7+ Kc7 38. Ba5+ 1-0

[Event "VIE-chT"]
[Site "Ho Chi Minh City"]
[Date "2019.09.26"]
[Round "1.13"]
[White "Duong, Vu Anh"]
[Black "Le, Huu Thai"]
[Result "0-1"]
[WhiteElo "1474"]
[BlackElo "2237"]
[PlyCount "130"]
[EventDate "2019.09.26"]
[EventType "team-swiss"]
[EventRounds "9"]
[EventCountry "VIE"]
[SourceTitle "EXT 2020"]
[Source "ChessBase"]
[SourceDate "2019.10.17"]
[SourceVersion "1"]
[SourceVersionDate "2019.10.17"]
[SourceQuality "1"]

1. d4 Nf6 2. c4 e6 3. Nc3 Bb4 4. Qc2 d5 5. c5 0-0 6. Bg5 c6 7. e3 Nbd7 8. Bd3 h6 9. Bh4 b6 10. a3 Bxc3+ 11. Qxc3 bxc5 12. dxc5 a5 13. b4 Ne4 14. Bxd8 Nxc3 15. Bxa5 Nxc5 16. Bc2 N5e4 17. f3 Nd6 18. Kd2 Ncb5 19. Bd3 Nb7 20. Bxb5 cxb5 21. Bc7 Bd7 22. Ne2 f6 23. Nd4 Ra6 24. Nb3 Rfa8 25. Na5 Nd6 26. Bxd6 Rxd6 27. Rac1 Ra7 28. Rc5 d4 29. e4 e5 30. Kd3 Rda6 31. Rhc1 Kf7 32. Rd5 g5 33. g4 Rb6 34. Rdc5 Kg6 35. Ra1 h5 36. h3 Be6 37. Rc2 Rh7 38. Rf1 hxg4 39. hxg4 Rh3 40. Kd2 Rh2+ 41. Kc1 Rxc2+ 42. Kxc2 Rb8 43. Kd2 Rh8 44. Ke1 Rc8 45. Nb7 Rc3 46. Nc5 Bc4 47. Rf2 Rxa3 48. Rb2 Rxf3 49. Rf2 Rf4 50. Rxf4 gxf4 51. Nd7 Kg5 52. Kf2 Be6 53. Nf8 Bxg4 54. Nh7+ Kg6 55. Nf8+ Kg7 56. Ne6+ Bxe6 57. Ke2 Bc4+ 58. Kd2 f3 59. Ke1 d3 60. Kf2 d2 61. Kxf3 d1Q+ 62. Kg3 Bf1 63. Kf2 Qe2+ 64. Kg3 Qg2+ 65. Kh4 Qh3# 0-1

[Event "VIE-ch"]
[Site "Ho Chi Minh City"]
[Date "2019.05.08"]
[Round "8"]
[White "Le, Huu Thai"]
[Black "Nguyen, Huynh Minh Thien"]
[Result "1-0"]
[WhiteElo "2237"]
[BlackElo "2042"]
[PlyCount "69"]
[EventDate "2019.05.02"]
[EventType "swiss"]
[EventRounds "9"]
[EventCountry "VIE"]
[SourceTitle "CBM 190 Extra"]
[Source "ChessBase"]
[SourceDate "2019.07.15"]
[SourceVersion "1"]
[SourceVersionDate "2019.07.15"]
[SourceQuality "1"]

1. d4 Nf6 2. c4 g6 3. Nc3 d5 4. Nf3 Bg7 5. e3 c5 6. dxc5 Qa5 7. cxd5 Nxd5 8. Qxd5 Bxc3+ 9. Bd2 Bxd2+ 10. Qxd2 Qc7 11. Be2 0-0 12. Rc1 Rd8 13. Qc3 Nd7 14. 0-0 Nf6 15. Nd4 Nd5 16. Qb3 e5 17. Nb5 Qe7 18. Nd6 Nc7 19. Bc4 Ne6 20. Bxe6 Bxe6 21. Qxb7 Qg5 22. b3 h5 23. f4 exf4 24. exf4 Qf6 25. Qe4 Qb2 26. Rc2 Qa3 27. f5 gxf5 28. Nxf5 Qa6 29. Nd6 Rab8 30. Qe5 h4 31. Qg5+ Kf8 32. Qh6+ Ke7 33. Qf6+ Kd7 34. Nxf7 Rf8 35. c6+ 1-0